Escribe el abecedario en 15 segundos! - Estadísticas

Estadísticas generales
  • Esta prueba ha sido intentada 1.539 veces
  • La puntuación promedio es 19 de 27
Estadísticas de respuestas
Letra % Correcto
a
100%
b
96%
c
94%
d
94%
e
93%
f
93%
g
91%
h
91%
i
89%
j
88%
k
87%
l
87%
m
86%
n
86%
ñ
63%
o
59%
p
57%
q
54%
r
53%
s
52%
t
51%
u
49%
v
46%
w
44%
x
39%
y
38%
z
37%
No se encontraron pruebas coincidentes
Distribución de puntuación
Porcentaje de gente con cada puntuación
Porcentaje por número respondido
Historial de tus puntuaciones
No has intentado esta prueba.